Sportsmanlike driving / (Record no. 183738)
[ view plain ]
| 000 -LEADER | |
|---|---|
| fixed length control field | 01039 a2200229 4500 |
| 003 - CONTROL NUMBER IDENTIFIER | |
| control field | Nust |
| 005 - DATE AND TIME OF LATEST TRANSACTION | |
| control field | 20230327114123.0 |
| 010 ## - LIBRARY OF CONGRESS CONTROL NUMBER | |
| LC control number | 74031372 |
| 020 ## - INTERNATIONAL STANDARD BOOK NUMBER | |
| International Standard Book Number | 007001292X |
| 040 ## - CATALOGING SOURCE | |
| Transcribing agency | Nust |
| 082 00 - DEWEY DECIMAL CLASSIFICATION NUMBER | |
| Classification number | 629.2832,SPO |
| 100 ## - MAIN ENTRY--PERSONAL NAME | |
| Personal name | Editor D. Eugene Gilmore Paul arrell |
| 9 (RLIN) | 111445 |
| 110 2# - MAIN ENTRY--CORPORATE NAME | |
| Corporate name or jurisdiction name as entry element | American Automobile Association. |
| 9 (RLIN) | 111446 |
| 245 10 - TITLE STATEMENT | |
| Title | Sportsmanlike driving / |
| Statement of responsibility, etc. | Editor D. Eugene Gilmore Paul arrell |
| 250 ## - EDITION STATEMENT | |
| Edition statement | 7th ed. |
| 260 ## - PUBLICATION, DISTRIBUTION, ETC. | |
| Place of publication, distribution, etc. | New York : |
| Name of publisher, distributor, etc. | Webster Division, McGraw-Hill, |
| Date of publication, distribution, etc. | [1975] |
| 300 ## - PHYSICAL DESCRIPTION | |
| Extent | xii, 308 p. : |
| Other physical details | ill. ; |
| Dimensions | 25 cm. |
| 505 ## - FORMATTED CONTENTS NOTE | |
| Formatted contents note | You and the Highway System (Page-1), Preparing to Drive (Page-15), Basic Maneuvers (Page-33), Decision-Making and Driving (Page-89), Driving Laws (Page-121), highway conditions(page 151), Vehicle performance (Page-173), Other highway users (Page-209), System failures (Page-225), Driver performance (Page- 243), Motorcycles (Page-261), Career opportunities (Page-285). |
| 650 #0 - SUBJECT ADDED ENTRY--TOPICAL TERM | |
| Topical term or geographic name entry element | Automobile driving. |
| 9 (RLIN) | 20755 |
| 650 #0 - SUBJECT ADDED ENTRY--TOPICAL TERM | |
| Topical term or geographic name entry element | Automobile driving. |
| 9 (RLIN) | 20755 |
| 942 ## - ADDED ENTRY ELEMENTS (KOHA) | |
| Source of classification or shelving scheme | |
| Koha item type | Book |
| Withdrawn status | Lost status | Source of classification or shelving scheme | Damaged status | Not for loan | Permanent Location | Current Location | Shelving location | Date acquired | Full call number | Barcode | Date last seen | Price effective from | Koha item type | Public note |
|---|---|---|---|---|---|---|---|---|---|---|---|---|---|---|
| Military College of Signals (MCS) | Military College of Signals (MCS) | General Stacks | 12/12/2016 | 629.2832,SPO | MCS20878 | 12/08/2016 | 12/12/2016 | Book | Almirah No.74, Shelf No.7 | |||||
| Military College of Signals (MCS) | Military College of Signals (MCS) | General Stacks | 12/12/2016 | 629.2832,SPO | MCS21256 | 12/08/2016 | 12/12/2016 | Book | Almirah No.84, Shelf No.5 |
